LEADER 01139cam0-2200349---450- 001 990004140260403321 005 20090710104649.0 035 $a000414026 035 $aFED01000414026 035 $a(Aleph)000414026FED01 035 $a000414026 100 $a19990604d1936----km-y0itay50------ba 101 0 $aita 102 $aIT 105 $ay-------001cy 200 1 $aVite di avventure di fede e di passione$eFilippo di Fiendra, il conte di Campobasso, il marchese di Vico, Isabella di Morra, Diego Duque de Estrada, Carlo Lauberg$fBenedetto Croce 210 $aBari$cLaterza$d1936 215 $aVIII, 446 p.$d22 cm 225 1 $aScritti di storia letteraria e politica$v30 676 $a195 700 1$aCroce,$bBenedetto$f<1866-1952>$09641 801 0$aIT$bUNINA$gRICA$2UNIMARC 901 $aBK 912 $a990004140260403321 952 $aP.1 9I CROCE 62 (30)$bBIBL.13260$fFLFBC 952 $aP.1 9I CROCE 62 (30) BIS$bFil. mod. 436$fNAP03 952 $aSE 097.07.09-$b1955$fDECSE 959 $aFLFBC 959 $aNAP03 959 $aDECSE 996 $aVite di avventure di fede e di passione$9476935 997 $aUNINA LEADER 01089nas 2200349-a 450 001 996206647903316 005 20231101151455.0 035 $a(OCoLC)49885978 035 $a(CKB)110985822459218 035 $a(CONSER)--2002222661 035 $a(DE-599)ZDB2121288-0 035 $a(EXLCZ)99110985822459218 100 $a20020529a19969999 s-- - 101 0 $aeng 181 $ctxt$2rdacontent 182 $cc$2rdamedia 183 $acr$2rdacarrier 200 10$aCaucasian regional studies /$fthe International Association for Caucasian Regional Studies 210 $aTbilisi, Ga. $cThe Association$d[1996]- 300 $aTitle from journal home page (viewed Feb. 28, 2002). 311 $a1027-8540 517 3 $aCRS 607 $aCaucasus$vPeriodicals 607 $aCaucase$vPériodiques 607 $aCaucasus$2fast 608 $aOnline resources. 608 $aPeriodicals.$2fast 712 02$aInternational Association for Caucasian Regional Studies. 906 $aJOURNAL 912 $a996206647903316 996 $aCaucasian regional studies$92294434 997 $aUNISA LEADER 02020nam 2200613Ia 450 001 9910777489303321 005 20230828224829.0 010 $a0-19-988185-5 010 $a1-280-83543-5 010 $a0-19-803329-X 010 $a1-4294-0271-7 035 $a(CKB)1000000000414993 035 $a(EBL)439050 035 $a(OCoLC)609840171 035 $a(SSID)ssj0000200205 035 $a(PQKBManifestationID)11173095 035 $a(PQKBTitleCode)TC0000200205 035 $a(PQKBWorkID)10219959 035 $a(PQKB)11444247 035 $a(MiAaPQ)EBC439050 035 $a(Au-PeEL)EBL439050 035 $a(CaPaEBR)ebr10271432 035 $a(CaONFJC)MIL83543 035 $a(EXLCZ)991000000000414993 100 $a20050914d2006 uy 0 101 0 $aeng 135 $aur|n|---||||| 181 $ctxt 182 $cc 183 $acr 200 10$aMedea$b[electronic resource] /$fEuripides ; translated by Michael Collier and Georgia Machemer 210 $aOxford ;$aNew York $cOxford University Press$d2006 215 $a1 online resource (129 p.) 225 1 $aThe Greek tragedy in new translations 300 $aDescription based upon print version of record. 311 $a0-19-514566-6 320 $aIncludes bibliographical references (p. 115-116). 327 $aContents; Introduction; On the Translation; Medea; Notes on the Text; Glossary; A; B; C; D; E; F; G; H; I; L; M; O; P; S; T; Z; Further Reading 330 $aIntroduction On the Translation Medea Notes on the Text Glossary Further Reading 410 0$aGreek tragedy in new translations. 606 $aMedea (Greek mythology)$vDrama 615 0$aMedea (Greek mythology) 676 $a882.01 676 $a882/.01 700 $aEuripides$0229973 701 $aCollier$b Michael$f1953-$01495566 701 $aMachemer$b Georgia$01562051 801 0$bMiAaPQ 801 1$bMiAaPQ 801 2$bMiAaPQ 906 $aBOOK 912 $a9910777489303321 996 $aMedea$93829328 997 $aUNINA